000 00502nam a2200193Ia 4500
003 GCL
008 140319s9999 xx 000 0 eng d
040 _aGCL /
_cGCL
082 0 4 _a928.44
_bG V
100 1 _aGROSSIORD, SOPHIE
245 1 0 _aVICTOR HUGO: ET S'EL N'EN RESTE QUIN /
_cGROSSIORD, SOPHIE
260 _a[S.N] :
_bGALLIMARD ،
_c1998
300 _a176 P
650 0 4 _aLITERATURE
650 0 4 _aHUGO, VICTOR
650 0 4 _aFRENCH LITERATURE
650 0 4 _aFRENCH AUTHORS
942 _2ddc
_cBK
999 _c16333
_d16333